Discurso leído ante el Claustro de la Universidad Central por el licenciado en medicina y cirugía D. Gerónimo Roure y Fernández, el día 17 de junio de 1866 en el solemne acto de recibir la investidura de doctor. (Record no. 164017)
[ view plain ]
| 000 -LEADER | |
|---|---|
| campo de control de longitud fija | 01184nam a2200229 i 4500 |
| 001 - NÚMERO DE CONTROL | |
| campo de control | 164017 |
| 003 - IDENTIFICADOR DE NÚMERO DE CONTROL | |
| campo de control | ES-MaACL |
| 005 - FECHA Y HORA DE LA ÚLTIMA TRANSACCIÓN | |
| campo de control | 20240203062551.0 |
| 008 - DATOS DE LONGITUD FIJA--INFORMACIÓN GENERAL | |
| campo de control de longitud fija | 030122s1866 sp |||| | spa d |
| 100 1# - ENTRADA PRINCIPAL--NOMBRE DE PERSONA | |
| Nombre de persona | Roure, Gerónimo ( |
| Fechas asociadas al nombre | 1824-1876) |
| 9 (RLIN) | 132105 |
| 245 10 - MENCIÓN DEL TÍTULO | |
| Título | Discurso leído ante el Claustro de la Universidad Central por el licenciado en medicina y cirugía D. Gerónimo Roure y Fernández, el día 17 de junio de 1866 en el solemne acto de recibir la investidura de doctor. |
| 260 ## - PUBLICACIÓN, DISTRIBUCIÓN, ETC. | |
| Lugar de publicación, distribución, etc. | Madrid : |
| Nombre del editor, distribuidor, etc. | [s.n.], |
| Fecha de publicación, distribución, etc. | 1866 ( |
| Fabricante | por D. Alejandro Gómez Fuentenebro) |
| 300 ## - DESCRIPCIÓN FÍSICA | |
| Extensión | 18 p. ; |
| Dimensiones | 24 cm. |
| 530 ## - NOTA DISPONIBLE DE FORMULARIO FÍSICO ADICIONAL | |
| Nota de formato físico adicional disponible | Disponible en formato digital. |
| 594 ## - Nota al título y mención de responsabilidad | |
| Nota al título y mención de responsabilidad | Tit. del discurso: Utilidad de la higiene públca y sus progresos en el presente siglo. |
| 650 #4 - PUNTO DE ACCESO ADICIONAL DE MATERIA--TÉRMINO DE MATERIA | |
| Término de materia o nombre geográfico como elemento de entrada | Salubridad pública. |
| 9 (RLIN) | 142699 |
| 650 #4 - PUNTO DE ACCESO ADICIONAL DE MATERIA--TÉRMINO DE MATERIA | |
| Término de materia o nombre geográfico como elemento de entrada | Salud pública. |
| 9 (RLIN) | 16973 |
| 710 2# - ENTRADA AGREGADA--NOMBRE DE ENTIDAD CORPORATIVA | |
| Nombre de entidad corporativa o nombre de jurisdicción como elemento de entrada | Universidad Central (Madrid) |
| 9 (RLIN) | 7084 |
| 852 ## - LOCALIZACIÓN | |
| Ubicación | ES-MaACL |
| Número de control de estantería | T-625-F-7 |
| Nota libre | - Enc. hol., falto de cub. original |
| -- | - Ded. de Gustavo Sáenz Díez a la Biblioteca de "Los escolares médicos" |
| -- | - Enc. en un vol. facticio |
| 856 ## - LOCALIZACIÓN Y ACCESO ELECTRÓNICOS | |
| Identificador Uniforme de Recursos | <a href="http://bdh-rd.bne.es/viewer.vm?id=0000109005&page=1 ">http://bdh-rd.bne.es/viewer.vm?id=0000109005&page=1 </a> |
| Nota pública | Biblioteca Digital Hispánica |
| Estatus retirado | Estado de pérdida | Estado de daño | No para préstamo | Colección | Biblioteca de origen | Biblioteca actual | Ubicación en estantería | Fecha de adquisición | Total de préstamos | Signatura topográfica completa | Código de barras | Visto por última vez | Precio de reemplazo | Tipo de ítem Koha |
|---|---|---|---|---|---|---|---|---|---|---|---|---|---|---|
| Colección de folletos | Biblioteca del Ateneo de Madrid | Biblioteca del Ateneo de Madrid | Depósito folletos | 17/01/2008 | T-625-F-7 | 1171900 | 23/02/2023 | 23/02/2023 | Folleto |
